| 000 | 00513nam a2200133Ia 4500 | ||
|---|---|---|---|
| 008 | 181023s9999 xx 000 0 und d | ||
| 020 | _a9781138675032 | ||
| 100 | _aNewton, Nicki. | ||
| 245 |
_cNicki Newton.-- _aMath workstations in action : _bpowerful possibilities for engaged learning in grades 3-5 / |
||
| 260 |
_aNew York : _bRoutledge _c2018 |
||
| 300 | _axiii, 230 pages. | ||
| 650 | _aMathematics -- study and teaching (Early childhood) -- activity programs. | ||
| 650 | _aMathematics -- study and teaching. | ||
| 999 |
_c359339 _d359339 |
||